00673nam a22001697a 450000500170000001000150001702000260003203500140005803700090007208200110008124500390009225000060013126000410013727000880017830000200026650002170028620250707112515.0 aENG-145710 a9789361592799c620.00 aEN-129242 bDBAD a00026 aLegal Aptitude Workbook (2025-26)/ a6 aNoidabPearson India Educationc2025 a15th Floor, Towe-B, World Trade Tower, Plot No.1, Block-C, Sector-16bNoidae201301 avpp.c25cm(pbk) aFor Law Entrances (UG & PG) | CLAT, SLAT, BLAT, MAH (CET-LAW), AILET, PU, DU, IPU, UPES & Other UG/PG Law Entrance Exams | Includes Chapter on Family Laws - Hindu and Muslim Laws | Includes CLAT/AILET 2025, 2024